Countries by One Terrible Sentence #1 - Statistics

General Stats
  • This quiz has been taken 104 times
  • The average score is 9 of 15
Answer Stats
Hint Answer % Correct
This is the only reason why Portuguese shows up in the Top 10 Most Spoken Languages. Brazil
96%
The country is only famous because of Chinggis Khan and his legacy. Mongolia
87%
When election time comes, it's more suspenseful than the tide of a war. United States
87%
He did not die in prison, by the way, and thus beginning the Mandela Effect. South Africa
85%
There's sheep everywhere. New Zealand
83%
Wine, bread, and muffled laughs are very common here. France
82%
This country is overshadowed by Egypt's pyramids, even though it has more. Sudan
71%
The flag is so close to Chad it makes me shiver. Romania
69%
I just learned that 14-year-olds can drink beer with parent consent, so that's nice I guess. Germany
67%
The country likes orange yet refuses to add it to their flag. Netherlands
60%
Island with a fake name, kind of, 11% real. Iceland
32%
Fact: Yap is an island here. F. S. Micronesia
20%
My school's grape juice was from here and... has a province named Guanacaste. Costa Rica
18%
It should be big but it isn't. Denmark
16%
Although the full name is close to New Zaire, nobody actually calls it that. North Korea
2%
No matching quizzes found
Score Distribution
Percent of People with Each Score
Percentile by Number Answered
Your Score History
You have not taken this quiz